Los escarabajos del silencio

Gespeichert in:
Bibliographische Detailangaben
1. Verfasser: Bennett, Daisy (VerfasserIn)
Format: Buch
Sprache:Spanisch
Veröffentlicht: Santiago Tamarugal 2000
Schlagworte:
Tags: Tag hinzufügen
Keine Tags, Fügen Sie den ersten Tag hinzu!

MARC

LEADER 00000nam a2200000 a 4500
001 UCN3484
003 CL-VaPUC
008 010629e20000000CL |||||||||||||||||spa|d
082 0 4 |a Ch861  |b BEN  |2 21 
100 0 |a Bennett, Daisy  |e author  |9 460019 
245 1 4 |a Los escarabajos del silencio 
300 |a 62 p 
942 |c BK 
945 |d 20010629 00:00:00  |a vberengu 
260 |a Santiago  |b Tamarugal  |c 2000 
650 0 |a Literatura chilena   |9 308278 
650 0 |a Poesía chilena   |9 268403 
583 |a last modification  |c 20010629 00:00:00  |k Rodrigo Vera 
999 |c 296343  |d 296341 
952 |0 0  |1 0  |4 0  |6 CH_861_000000000000000_BEN_2000  |7 0  |8 A  |9 350064  |a BIBEDU  |b BIBEDU  |c ES_NOD  |d 2019-11-20  |i 3709329  |o Ch861 BEN 2000  |p 3709329  |r 2023-08-09  |w 2019-11-20  |y BK  |k LIT